000 01211nam a22002537a 4500
001 3419
003 FISKH
005 20240304142514.0
008 240304b cb ||||| |||| 00| 0 eng d
020 _a9781407144061
040 _aDLC
_cDLC
_eamim
_beng
050 _aPR4167
082 _a823.8
100 _aBrontë, Charlotte
130 0 _aJane Eyre (Motion picture : 2011)
245 1 0 _aJane Eyre /
_cCharlotte Brontë
260 _aLondon :
_bScholastic,
_c2013
300 _a618 pages :
_billustrations ;
_c20 cm
520 _aJane Eyre is raised in her aunt's house after the death of her parents. Her aunt cannot stand the queer, quiet child and sends her off to a spartan boarding school where she is severely mistreated. She survives, however, and eventually finds herself a situation as a governess in the household of Edward Rochester. She and Rochester fall passionately in love, in one of the great literary love stories. But a dark secret in his house will tear them apart and send her alone into the wilderness before she can find her way back to him.
650 0 _aGovernesses
_zEngland
906 _a7
_bcbc
_corignew
_du
_encip
_f20
_gy-movingim
942 _2ddc
_cBK
_n0
999 _c3419
_d3419